Encyclopedia Britainnica 2006 * Installation and multimedia

Uloženo v:
Podrobná bibliografie
Médium: Kniha
Jazyk:Undetermined
Vydáno: Encyclopedia Britannica Australia 2006
Témata:
Tagy: Přidat tag
Žádné tagy, Buďte první, kdo otaguje tento záznam!
Thư viện lưu trữ: Trung tâm Học liệu Trường Đại học Cần Thơ
LEADER 00478nam a2200157Ia 4500
001 CTU_120692
008 210402s9999 xx 000 0 und d
082 |a 032 
082 |b E56/CD.1 
245 0 |a Encyclopedia Britainnica 2006 * Installation and multimedia 
245 0 |c Deluxe edition 
260 |b Encyclopedia Britannica Australia 
260 |c 2006 
650 |a Encyclopedias and dictionaries 
904 |i M.Loan 
980 |a Trung tâm Học liệu Trường Đại học Cần Thơ